Cenové riziko ako súčasť cenového rozhodovania v konkrétnom v podnikateľskom prostredí diplomová práca

Uložené v:
Podrobná bibliografia
Hlavný autor: Kisty, Ján
Korporativný autor: Fakulta podnikového manažmentu EU. Katedra podnikovohospodárska
Ďalší autori: Kufelová, Iveta, 1970-
Médium: Kniha
Jazyk:Slovak
Vydavateľské údaje: Bratislava 2016
Tagy: Pridať tag
Žiadne tagy, Buďte prvý, kto otaguje tento záznam!

MARC

LEADER 00000nbm a2200000 4500
001 0218451
005 20170123142124.0
041 0 |a slo 
044 |a SK 
245 1 0 |a Cenové riziko ako súčasť cenového rozhodovania v konkrétnom v podnikateľskom prostredí  |b diplomová práca  |c Ján Kisty ; školiteľ: Iveta Kufelová 
264 1 |a Bratislava  |c 2016 
300 |a 65 s. 
100 1 |a Kisty, Ján 
700 1 |a Kufelová, Iveta, 1970- 
710 2 |a Fakulta podnikového manažmentu EU. Katedra podnikovohospodárska